|
|
|
|
| LEADER |
00000ny a22000003n 4500 |
| 005 |
2011052008528.0 |
| 008 |
080703s2006 sp s 000 0 spa c |
| 020 |
|
|
|a 8497728580
|
| 035 |
|
|
|a 1752
|
| 040 |
|
|
|a UMA.RE
|d vLex
|
| 080 |
|
|
|a 339.137.2(4-672UE)(0.034)
|
| 080 |
|
|
|a 339.727.3(4-672UE)(0.034)
|
| 080 |
|
|
|a 346.546(4-672UE)
|
| 090 |
|
|
|c 114
|d 114
|
| 100 |
1 |
|
|a Marcos Martn̕, Mara̕ Teresa
|
| 245 |
1 |
0 |
|a Problemas procesales en el control de las ayudas de estado en derecho comunitario
|h [Recurso electrn̤ico]
|c Mara̕ Teresa Marcos Martn̕
|
| 256 |
|
|
|a Servicio en ln̕ea
|
| 260 |
|
|
|a [Madrid] :
|b Dykinson,
|c 2006
|
| 506 |
1 |
|
|a Contenido solo disponible en los productos indicados
|d vLex Global
|d vLex Global (Academic Edition, excluding Law Schools)
|d vLex Global (U.S. Academic Edition, Law Schools)
|d vLex Global (U.S. Academic Edition, excluding Law Schools)
|d vLex Global (Academic Edition, Law Schools)
|
| 650 |
0 |
7 |
|a Dinero electrn̤ico
|2 Tesauro vLex
|
| 650 |
0 |
7 |
|a Nuevas tecnologa̕s
|2 Tesauro vLex
|
| 650 |
0 |
7 |
|a Ayudas econm̤icas de la administracin̤
|2 Tesauro vLex
|
| 650 |
0 |
7 |
|a Actividad administrativa
|2 Tesauro vLex
|
| 740 |
0 |
|
|a vLex Libros (Servicios en ln̕ea)
|
| 856 |
4 |
0 |
|u http://vlex.com/source/1752
|z Acceso restringido
|
| 942 |
|
|
|c BOOK
|
| 999 |
|
|
|a Subsidies
|b European countries
|